Vlaňajšie obchodné pasívum SR bolo v skutočnosti vyššie ako doteraz uvádzané

Z obsahu: Nevyvážená delimitácia zahraničnej služby poškodzuje obchodné záujmy SR.

Na minha lista:
Detalhes bibliográficos
Autor principal: Švec, Peter
Formato: Capítulo de Livro
Idioma:eslovaco
Assuntos:
Tags: Adicionar Tag
Sem tags, seja o primeiro a adicionar uma tag!

MARC

LEADER 00000naa a2200000 4500
001 r032071
005 20230921084135.6
041 0 |a slo 
044 |a SK 
245 1 0 |a Vlaňajšie obchodné pasívum SR bolo v skutočnosti vyššie ako doteraz uvádzané  |c Peter Švec 
520 |a Z obsahu: Nevyvážená delimitácia zahraničnej služby poškodzuje obchodné záujmy SR. 
610 2 0 |a obchod zahraničný 
610 2 0 |a bilancia obchodná 
610 2 0 |a diplomacia 
610 2 0 |a zastupiteľstvá obchodné 
610 2 0 |a Slovensko 
100 1 |a Švec, Peter